000
00312nam a22001337a 4500
008
210527b ||||| |||| 00| 0 eng d
041
_a
eng
080
_a
311
082
_a
311
100
_a
54
101
_a
STA
245
_a
Elementary Business Statistics: The Modern Approach
_c
Freund,J.E
942
_2
udc
_c
BK
999
_c
57734
_d
57734